000 00263nam a2200109Ia 4500
005 20251222114351.0
008 251222s1900||||xx |||||||||||||| ||spa||
082 _aDVD0070S47/1998
245 0 _aEn el nombre del padre
264 _bHell's Kitchen Films
942 _cDVD
999 _c1252
_d1252